Central Library OPAC University of Rajshahi

An introduction to microelectronic systems / (Record no. 14404)

MARC details
000 -LEADER
fixed length control field 00780nam a22002651 4500
001 - CONTROL NUMBER
control field 14404
003 - CONTROL NUMBER IDENTIFIER
rucl marc code BD-RjUL
005 - DATE AND TIME OF LATEST TRANSACTION
control field 20211208235624.0
008 - FIXED-LENGTH DATA ELEMENTS--GENERAL INFORMATION
fixed length control field 140205s1968 nyua 001 0 eng
035 ## - SYSTEM CONTROL NUMBER
System control number (BD-RjUL)14456
040 ## - CATALOGING SOURCE
Original cataloging agency DLC
Transcribing agency DLC
Modifying agency DLC
-- BD-RjUL
Language of cataloging eng
041 ## - LANGUAGE CODE
Language code of text/sound track or separate title eng
082 00 - DEWEY DECIMAL CLASSIFICATION NUMBER
Classification number 621.3817
Author mark and year GOI 1968
100 1# - MAIN ENTRY--PERSONAL NAME
Personal name Gosling, William.
9 (RLIN) 44943
245 13 - TITLE STATEMENT
Title An introduction to microelectronic systems /
Statement of responsibility, etc. William Gosling
260 ## - PUBLICATION, DISTRIBUTION, ETC. (IMPRINT)
Place of publication, distribution, etc. New York :
Name of publisher, distributor, etc. McGraw-Hill,
Date of publication, distribution, etc. c1968.
300 ## - PHYSICAL DESCRIPTION
Pagination xiii, 130 p. :
Illustrations ill. ;
Size 23 cm.
490 0# - SERIES STATEMENT
Series statement European electrical and electronic engineering series
504 ## - BIBLIOGRAPHY, ETC. NOTE
Bibliography, etc Includes index.
650 #0 - SUBJECT ADDED ENTRY--TOPICAL TERM
Topical term or geographic name as entry element Microelectronics.
9 (RLIN) 42618
942 ## - ADDED ENTRY ELEMENTS (KOHA)
Source of classification or shelving scheme Dewey Decimal Classification
Koha item type Books
Holdings
Lost status Source of classification or shelving scheme Damaged status Not for loan Collection code Permanent Location Current Location Shelving location Date acquired Source of acquisition Cost, normal purchase price Total Checkouts Full call number Date last seen Copy number Koha item type
  Dewey Decimal Classification     Non-fiction Central Library, University of Rajshahi Central Library, University of Rajshahi   06/10/1970 Zeithlinger. 36.00   621.3817 GOI 1968 05/02/2014 C-3 Books
  Dewey Decimal Classification   Not For Loan Non-fiction Central Library, University of Rajshahi Central Library, University of Rajshahi Reading Room 06/10/1970 Zeitlinger 36.00   621.3817 GOI 1968 29/05/2017 C-1 Books
  Dewey Decimal Classification     Non-fiction Central Library, University of Rajshahi Central Library, University of Rajshahi   06/10/1970 Zeitlinger 36.00   621.3817 GOI 1968 29/05/2017 C-2 Books